[Event "High League 2022 men"]
[Site "Obninsk"]
[Date "2022.07.04"]
[Round "8.6"]
[White "Salemgareev, Tagir"]
[Black "Rakhmanov, Aleksandr"]
[Result "0-1"]
[LiveChessVersion "1.4.7"]
[BlackElo "2635"]
[WhiteElo "2490"]

1. e4 {[%clk 1:30:57]} d5 {[%clk 1:29:41]} 2. exd5 {[%clk 1:31:20]} Qxd5
{[%clk 1:30:00]} 3. d4 {[%clk 1:30:49]} g6 {[%clk 1:28:54]} 4. c4
{[%clk 1:31:00]} Qd8 {[%clk 1:29:08]} 5. Nc3 {[%clk 1:30:42]} Bg7
{[%clk 1:27:33]} 6. Nf3 {[%clk 1:31:04]} Nh6 {[%clk 1:26:01]} 7. Bf4
{[%clk 1:24:14]} Nf5 {[%clk 1:22:40]} 8. Be5 {[%clk 1:19:22]} f6 {[%clk 1:14:37]}
9. Bg3 {[%clk 1:12:18]} O-O {[%clk 1:11:57]} 10. Be2 {[%clk 1:06:04]} e6
{[%clk 1:11:13]} 11. O-O {[%clk 1:05:29]} Re8 {[%clk 1:04:42]} 12. Qb3
{[%clk 1:00:23]} b6 {[%clk 0:54:54]} 13. Rfd1 {[%clk 0:54:14]} Qe7
{[%clk 0:47:10]} 14. c5 {[%clk 0:44:28]} Nxg3 {[%clk 0:44:30]} 15. hxg3
{[%clk 0:44:52]} bxc5 {[%clk 0:35:23]} 16. d5 {[%clk 0:41:42]} Kh8
{[%clk 0:29:49]} 17. Bc4 {[%clk 0:17:57]} Nd7 {[%clk 0:25:48]} 18. dxe6
{[%clk 0:17:17]} Nb6 {[%clk 0:26:05]} 19. Nd5 {[%clk 0:15:52]} Nxd5
{[%clk 0:26:01]} 20. Rxd5 {[%clk 0:15:01]} Bxe6 {[%clk 0:24:53]} 21. Re1
{[%clk 0:15:26]} Rab8 {[%clk 0:19:05]} 22. Qxb8 {[%clk 0:11:39]} Rxb8
{[%clk 0:19:09]} 23. Rd2 {[%clk 0:12:05]} Rb6 {[%clk 0:15:33]} 24. Rde2
{[%clk 0:12:28]} f5 {[%clk 0:13:13]} 25. Rxe6 {[%clk 0:12:41]} Rxe6
{[%clk 0:13:27]} 26. Rxe6 {[%clk 0:13:06]} Qd7 {[%clk 0:11:13]} 27. b3
{[%clk 0:12:32]} Bc3 {[%clk 0:09:49]} 28. Re2 {[%clk 0:09:59]} h6
{[%clk 0:05:47]} 29. Ne5 {[%clk 0:09:02]} Qd1+ {[%clk 0:03:06]} 30. Kh2
{[%clk 0:09:30]} Bxe5 {[%clk 0:00:37]} 31. Rxe5 {[%clk 0:09:57]} Qd4
{[%clk 0:00:36]} 32. Re8+ {[%clk 0:05:29]} Kg7 {[%clk 0:00:59]} 33. Re7+
{[%clk 0:05:40]} Kf8 {[%clk 0:01:18]} 34. Rxc7 {[%clk 0:06:00]} Qxf2
{[%clk 0:01:02]} 35. Rxa7 {[%clk 0:06:25]} h5 {[%clk 0:00:42]} 36. a4
{[%clk 0:06:33]} g5 {[%clk 0:00:33]} 37. Rh7 {[%clk 0:03:40]} h4 {[%clk 0:00:48]}
38. gxh4 {[%clk 0:04:01]} g4 {[%clk 0:00:34]} 39. Rh8+ {[%clk 0:01:01]} Kg7
{[%clk 0:00:33]} 40. Re8 {[%clk 0:30:45]} Qf4+ {[%clk 0:30:32]} 0-1

[Event "High League 2022 men"]
[Site "Obninsk"]
[Date "2022.07.04"]
[Round "8.7"]
[White "Murzin, Volodar"]
[Black "Lysyj, Igor"]
[Result "1/2-1/2"]
[LiveChessVersion "1.4.7"]
[BlackElo "2604"]
[WhiteElo "2549"]

1. e4 {[%clk 1:30:57]} e5 {[%clk 1:28:07]} 2. Nf3 {[%clk 1:31:21]} Nc6
{[%clk 1:28:32]} 3. Bc4 {[%clk 1:31:41]} Bc5 {[%clk 1:28:56]} 4. c3
{[%clk 1:31:45]} Nf6 {[%clk 1:29:11]} 5. d3 {[%clk 1:31:44]} d6 {[%clk 1:29:18]}
6. a4 {[%clk 1:32:04]} a5 {[%clk 1:29:35]} 7. Bg5 {[%clk 1:32:23]} h6
{[%clk 1:27:31]} 8. Bh4 {[%clk 1:32:48]} Qe7 {[%clk 1:22:08]} 9. Nbd2
{[%clk 1:32:26]} Ba7 {[%clk 1:14:56]} 10. Qe2 {[%clk 1:30:54]} Bd7
{[%clk 1:10:14]} 11. Bb5 {[%clk 1:24:10]} g5 {[%clk 1:05:03]} 12. Bg3
{[%clk 1:24:33]} Nh5 {[%clk 1:04:40]} 13. Nc4 {[%clk 1:19:15]} Ng7
{[%clk 1:01:09]} 14. Ne3 {[%clk 1:04:27]} Bxe3 {[%clk 1:01:06]} 15. fxe3
{[%clk 1:04:16]} O-O {[%clk 0:46:17]} 16. O-O {[%clk 1:00:11]} Rae8
{[%clk 0:40:18]} 17. Nd2 {[%clk 0:58:09]} Nb8 {[%clk 0:35:21]} 18. Rf2
{[%clk 0:48:44]} f5 {[%clk 0:29:16]} 19. exf5 {[%clk 0:46:08]} Nxf5
{[%clk 0:28:23]} 20. e4 {[%clk 0:32:02]} Nxg3 {[%clk 0:27:33]} 21. hxg3
{[%clk 0:31:44]} Rxf2 {[%clk 0:22:24]} 22. Qxf2 {[%clk 0:32:03]} b6
{[%clk 0:21:23]} 23. Qe2 {[%clk 0:28:11]} Rf8 {[%clk 0:20:34]} 24. Nf1
{[%clk 0:19:01]} c6 {[%clk 0:20:32]} 25. Bc4+ {[%clk 0:19:06]} Kg7
{[%clk 0:20:37]} 26. Ne3 {[%clk 0:18:40]} g4 {[%clk 0:20:54]} 27. Rf1
{[%clk 0:17:04]} h5 {[%clk 0:19:45]} 28. Qd2 {[%clk 0:12:34]} Rxf1+
{[%clk 0:19:40]} 29. Nxf1 {[%clk 0:12:50]} b5 {[%clk 0:17:46]} 30. axb5
{[%clk 0:11:01]} cxb5 {[%clk 0:18:08]} 31. Ba2 {[%clk 0:11:20]} Na6
{[%clk 0:18:23]} 32. Ne3 {[%clk 0:11:24]} Nc7 {[%clk 0:18:43]} 33. Qf2
{[%clk 0:04:33]} Qf6 {[%clk 0:17:59]} 34. Nf5+ {[%clk 0:04:09]} Bxf5
{[%clk 0:18:22]} 35. exf5 {[%clk 0:04:05]} a4 {[%clk 0:14:50]} 36. Qb6
{[%clk 0:02:41]} Qe7 {[%clk 0:15:02]} 37. Qb8 {[%clk 0:02:46]} Kf6
{[%clk 0:11:50]} 38. Qh8+ {[%clk 0:02:44]} Qg7 {[%clk 0:10:36]} 39. Qd8+
{[%clk 0:02:38]} Qe7 {[%clk 0:10:34]} 40. Qh8+ {[%clk 0:33:02]} Qg7
{[%clk 0:39:30]} 41. Qxh5 {[%clk 0:20:56]} d5 {[%clk 0:38:57]} 42. c4
{[%clk 0:20:08]} b4 {[%clk 0:32:33]} 43. cxd5 {[%clk 0:16:17]} b3
{[%clk 0:32:25]} 44. Bxb3 {[%clk 0:10:50]} axb3 {[%clk 0:32:30]} 45. d6
{[%clk 0:11:15]} Nd5 {[%clk 0:19:54]} 46. Qe8 {[%clk 0:09:46]} Qa7+
{[%clk 0:16:54]} 47. d4 {[%clk 0:07:48]} Qxd4+ {[%clk 0:17:06]} 48. Kh1
{[%clk 0:06:22]} Qd1+ {[%clk 0:10:11]} 49. Kh2 {[%clk 0:06:48]} Kxf5
{[%clk 0:10:39]} 50. d7 {[%clk 0:03:07]} Ne3 {[%clk 0:10:53]} 51. Qf7+
{[%clk 0:03:08]} Kg5 {[%clk 0:10:10]} 52. Qg8+ {[%clk 0:03:07]} Kf5
{[%clk 0:09:49]} 53. Qf8+ {[%clk 0:02:52]} Ke4 {[%clk 0:08:10]} 54. d8=Q
{[%clk 0:02:08]} Nf1+ {[%clk 0:08:32]} 55. Kh1 {[%clk 0:01:57]} Nd2+
{[%clk 0:08:33]} 56. Kh2 {[%clk 0:02:22]} Nf1+ {[%clk 0:08:58]} 57. Kg1
{[%clk 0:02:47]} 1/2-1/2

[Event "High League 2022 men"]
[Site "Obninsk"]
[Date "2022.07.04"]
[Round "8.8"]
[White "Sakaev, Konstantin"]
[Black "Zvjaginsev, Vadim"]
[Result "1/2-1/2"]
[LiveChessVersion "1.4.7"]
[BlackElo "2603"]
[WhiteElo "2603"]

1. d4 {[%clk 1:29:23]} d5 {[%clk 1:30:44]} 2. c4 {[%clk 1:29:48]} c6
{[%clk 1:31:08]} 3. Nf3 {[%clk 1:30:04]} Nf6 {[%clk 1:31:30]} 4. e3
{[%clk 1:30:21]} g6 {[%clk 1:31:52]} 5. Nc3 {[%clk 1:30:19]} Bg7 {[%clk 1:32:16]}
6. Be2 {[%clk 1:30:34]} O-O {[%clk 1:32:38]} 7. O-O {[%clk 1:30:59]} a5
{[%clk 1:33:01]} 8. h3 {[%clk 1:10:57]} e6 {[%clk 1:32:33]} 9. Qc2
{[%clk 1:03:42]} Nbd7 {[%clk 1:31:40]} 10. Rd1 {[%clk 1:00:47]} Re8
{[%clk 1:28:21]} 11. b3 {[%clk 0:48:50]} b6 {[%clk 1:25:08]} 12. e4
{[%clk 0:47:42]} Nxe4 {[%clk 1:22:51]} 13. Nxe4 {[%clk 0:48:02]} dxe4
{[%clk 1:23:17]} 14. Qxe4 {[%clk 0:48:24]} Bb7 {[%clk 1:20:24]} 15. Bf4
{[%clk 0:30:18]} Qc8 {[%clk 1:14:30]} 16. Ne5 {[%clk 0:29:21]} c5
{[%clk 1:13:39]} 17. Qe3 {[%clk 0:29:36]} Rd8 {[%clk 0:43:45]} 18. dxc5
{[%clk 0:20:16]} Nxc5 {[%clk 0:43:58]} 19. Rxd8+ {[%clk 0:20:28]} Qxd8
{[%clk 0:44:24]} 20. Rd1 {[%clk 0:20:54]} Qe7 {[%clk 0:39:58]} 21. Bf3
{[%clk 0:18:12]} Rc8 {[%clk 0:37:49]} 22. Bxb7 {[%clk 0:16:53]} Qxb7
{[%clk 0:37:21]} 23. Bh6 {[%clk 0:11:35]} f6 {[%clk 0:33:08]} 24. Bxg7
{[%clk 0:11:23]} Qxg7 {[%clk 0:33:09]} 25. Nf3 {[%clk 0:11:23]} Qc7
{[%clk 0:30:13]} 26. Qd4 {[%clk 0:11:07]} e5 {[%clk 0:28:00]} 27. Qd6
{[%clk 0:06:08]} 1/2-1/2

[Event "High League 2022 men"]
[Site "Obninsk"]
[Date "2022.07.04"]
[Round "8.9"]
[White "Kobalia, Mikhail"]
[Black "Yeletsky, Ivan"]
[Result "1-0"]
[LiveChessVersion "1.4.7"]
[BlackElo "2474"]
[WhiteElo "2590"]

1. e4 {[%clk 1:30:55]} e5 {[%clk 1:30:48]} 2. Nf3 {[%clk 1:31:20]} Nc6
{[%clk 1:31:02]} 3. Bb5 {[%clk 1:31:45]} a6 {[%clk 1:31:19]} 4. Ba4
{[%clk 1:32:10]} Nf6 {[%clk 1:31:37]} 5. O-O {[%clk 1:32:35]} Be7
{[%clk 1:31:56]} 6. Re1 {[%clk 1:32:24]} b5 {[%clk 1:32:14]} 7. Bb3
{[%clk 1:32:48]} O-O {[%clk 1:32:34]} 8. h3 {[%clk 1:32:53]} Bb7 {[%clk 1:32:38]}
9. d3 {[%clk 1:32:55]} d5 {[%clk 1:32:40]} 10. exd5 {[%clk 1:27:18]} Nxd5
{[%clk 1:32:56]} 11. Nc3 {[%clk 1:26:56]} Nxc3 {[%clk 1:33:02]} 12. bxc3
{[%clk 1:26:39]} Bf6 {[%clk 1:33:09]} 13. Bb2 {[%clk 1:19:59]} Re8
{[%clk 1:28:41]} 14. c4 {[%clk 1:07:17]} Nd4 {[%clk 1:18:42]} 15. Nxd4
{[%clk 1:06:06]} exd4 {[%clk 1:18:58]} 16. cxb5 {[%clk 1:02:56]} axb5
{[%clk 1:09:23]} 17. Qh5 {[%clk 0:57:22]} Qd7 {[%clk 1:09:27]} 18. Qc5
{[%clk 0:55:48]} g6 {[%clk 1:00:25]} 19. Kf1 {[%clk 0:52:31]} h5 {[%clk 0:59:47]}
20. Ba3 {[%clk 0:47:48]} Kg7 {[%clk 0:43:04]} 21. Bb4 {[%clk 0:47:37]} g5
{[%clk 0:32:20]} 22. Bd2 {[%clk 0:31:24]} Be7 {[%clk 0:26:30]} 23. Qe5+
{[%clk 0:29:43]} Bf6 {[%clk 0:26:44]} 24. Qc5 {[%clk 0:29:13]} Be7
{[%clk 0:24:08]} 25. Qe5+ {[%clk 0:15:22]} Bf6 {[%clk 0:24:20]} 26. Qc5
{[%clk 0:14:27]} Kg6 {[%clk 0:19:26]} 27. f4 {[%clk 0:14:22]} g4 {[%clk 0:19:11]}
28. f5+ {[%clk 0:14:31]} Kg7 {[%clk 0:18:59]} 29. hxg4 {[%clk 0:08:01]} hxg4
{[%clk 0:19:10]} 30. Bf4 {[%clk 0:08:23]} Rxe1+ {[%clk 0:09:34]} 31. Rxe1
{[%clk 0:08:48]} Rh8 {[%clk 0:09:55]} 32. Kg1 {[%clk 0:08:22]} Rh5
{[%clk 0:08:39]} 33. Be5 {[%clk 0:08:05]} Qd8 {[%clk 0:06:43]} 34. Qxb5
{[%clk 0:04:01]} Ba8 {[%clk 0:00:51]} 35. Qc4 {[%clk 0:04:30]} Rxf5
{[%clk 0:00:45]} 36. Qxf7+ {[%clk 0:04:42]} Kh6 {[%clk 0:01:08]} 37. Bxc7
{[%clk 0:02:16]} Qh8 {[%clk 0:00:47]} 38. Re8 {[%clk 0:02:22]} Qxe8
{[%clk 0:00:41]} 39. Qxe8 {[%clk 0:02:45]} Bh4 {[%clk 0:00:58]} 40. Qh8+
{[%clk 0:32:53]} 1-0

[Event "High League 2022 men"]
[Site "Obninsk"]
[Date "2022.07.04"]
[Round "8.10"]
[White "Kezin, Roman"]
[Black "Zakhartsov, Vladimir"]
[Result "1/2-1/2"]
[LiveChessVersion "1.4.7"]
[BlackElo "2483"]
[WhiteElo "2516"]

1. d4 {[%clk 1:30:57]} d5 {[%clk 1:29:47]} 2. c4 {[%clk 1:31:18]} c6
{[%clk 1:30:09]} 3. Nc3 {[%clk 1:28:25]} dxc4 {[%clk 1:30:31]} 4. e3
{[%clk 1:27:58]} b5 {[%clk 1:30:56]} 5. a4 {[%clk 1:28:25]} b4 {[%clk 1:31:21]}
6. Ne4 {[%clk 1:28:46]} Qd5 {[%clk 1:31:37]} 7. Nd2 {[%clk 1:28:50]} c3
{[%clk 1:32:01]} 8. bxc3 {[%clk 1:29:07]} bxc3 {[%clk 1:32:27]} 9. Nb1
{[%clk 1:29:27]} Qa5 {[%clk 1:32:52]} 10. Qc2 {[%clk 1:29:32]} Na6
{[%clk 1:32:44]} 11. Qxc3 {[%clk 0:55:00]} Nb4 {[%clk 1:31:54]} 12. Bd2
{[%clk 0:53:06]} e6 {[%clk 1:32:10]} 13. Nf3 {[%clk 0:52:34]} Nf6
{[%clk 1:32:13]} 14. Ne5 {[%clk 0:37:02]} Bb7 {[%clk 1:26:23]} 15. Be2
{[%clk 0:37:23]} Be7 {[%clk 1:25:14]} 16. O-O {[%clk 0:37:22]} O-O
{[%clk 1:24:43]} 17. Bf3 {[%clk 0:29:39]} Rab8 {[%clk 1:16:59]} 18. Rc1
{[%clk 0:28:18]} 1/2-1/2

[Event "High League 2022 men"]
[Site "Obninsk"]
[Date "2022.07.04"]
[Round "8.11"]
[White "Grebnev, Aleksey"]
[Black "Riazantsev, Alexander"]
[Result "1/2-1/2"]
[LiveChessVersion "1.4.7"]
[BlackElo "2635"]
[WhiteElo "2439"]

1. d4 {[%clk 1:30:49]} Nf6 {[%clk 1:30:51]} 2. c4 {[%clk 1:31:12]} e6
{[%clk 1:31:18]} 3. Nc3 {[%clk 1:31:37]} Bb4 {[%clk 1:31:42]} 4. e3
{[%clk 1:32:02]} O-O {[%clk 1:31:56]} 5. Bd2 {[%clk 1:32:26]} d5 {[%clk 1:31:47]}
6. Nf3 {[%clk 1:32:49]} Nbd7 {[%clk 1:31:55]} 7. Rc1 {[%clk 1:30:56]} Be7
{[%clk 1:31:15]} 8. cxd5 {[%clk 1:28:47]} exd5 {[%clk 1:31:28]} 9. Bd3
{[%clk 1:29:10]} c6 {[%clk 1:31:47]} 10. O-O {[%clk 1:28:51]} Bd6
{[%clk 1:32:00]} 11. Qc2 {[%clk 1:23:56]} Re8 {[%clk 1:29:52]} 12. Rfe1
{[%clk 1:23:53]} h6 {[%clk 1:19:46]} 13. h3 {[%clk 1:23:24]} Nb6 {[%clk 1:19:14]}
14. b3 {[%clk 1:17:32]} Bd7 {[%clk 1:17:26]} 15. Re2 {[%clk 1:02:18]} Re7
{[%clk 0:59:29]} 16. Rce1 {[%clk 0:59:37]} Qc8 {[%clk 0:49:34]} 17. e4
{[%clk 0:56:08]} dxe4 {[%clk 0:47:16]} 1/2-1/2

[Event "High League 2022 men"]
[Site "Obninsk"]
[Date "2022.07.04"]
[Round "8.12"]
[White "Ponkratov, Pavel"]
[Black "Goryachkina, Aleksandra"]
[Result "1/2-1/2"]
[LiveChessVersion "1.4.7"]
[BlackElo "2599"]
[WhiteElo "2631"]

1. e4 {[%clk 1:30:57]} e5 {[%clk 1:30:51]} 2. Nf3 {[%clk 1:31:24]} Nc6
{[%clk 1:31:11]} 3. Bb5 {[%clk 1:31:50]} Nf6 {[%clk 1:31:23]} 4. O-O
{[%clk 1:32:15]} Nxe4 {[%clk 1:31:30]} 5. Re1 {[%clk 1:32:41]} Nd6
{[%clk 1:31:42]} 6. a4 {[%clk 1:33:07]} Be7 {[%clk 1:28:40]} 7. Nc3
{[%clk 1:33:15]} O-O {[%clk 1:26:25]} 8. d4 {[%clk 1:33:05]} e4 {[%clk 1:23:45]}
9. Nxe4 {[%clk 1:33:20]} Nxe4 {[%clk 1:23:59]} 10. Rxe4 {[%clk 1:33:46]} d5
{[%clk 1:23:50]} 11. Re1 {[%clk 1:34:12]} Bg4 {[%clk 1:18:49]} 12. c3
{[%clk 1:33:21]} a6 {[%clk 1:15:21]} 13. Bxc6 {[%clk 1:31:35]} bxc6
{[%clk 1:15:45]} 14. h3 {[%clk 1:32:03]} Bxf3 {[%clk 1:11:53]} 15. Qxf3
{[%clk 1:32:20]} Bd6 {[%clk 1:01:52]} 16. b4 {[%clk 1:32:20]} Re8
{[%clk 0:55:33]} 17. Bd2 {[%clk 1:32:20]} Qd7 {[%clk 0:53:26]} 18. Qd3
{[%clk 1:32:12]} f6 {[%clk 0:52:02]} 19. h4 {[%clk 1:32:11]} Qg4 {[%clk 0:50:16]}
20. g3 {[%clk 1:31:56]} f5 {[%clk 0:47:20]} 21. Kg2 {[%clk 1:25:43]} 1/2-1/2

[Event "High League 2022 men"]
[Site "Obninsk"]
[Date "2022.07.04"]
[Round "8.13"]
[White "Dreev, Aleksey"]
[Black "Tsvetkov, Andrey"]
[Result "1-0"]
[LiveChessVersion "1.4.7"]
[BlackElo "2398"]
[WhiteElo "2610"]

1. d4 {[%clk 1:30:39]} Nf6 {[%clk 1:30:55]} 2. c4 {[%clk 1:30:59]} e6
{[%clk 1:31:21]} 3. Nc3 {[%clk 1:31:18]} Bb4 {[%clk 1:31:46]} 4. Qc2
{[%clk 1:31:39]} O-O {[%clk 1:32:08]} 5. a3 {[%clk 1:31:45]} Bxc3+
{[%clk 1:32:33]} 6. Qxc3 {[%clk 1:32:11]} b6 {[%clk 1:32:58]} 7. Bg5
{[%clk 1:32:18]} Bb7 {[%clk 1:33:19]} 8. f3 {[%clk 1:32:20]} h6 {[%clk 1:33:24]}
9. Bh4 {[%clk 1:32:37]} d5 {[%clk 1:33:50]} 10. cxd5 {[%clk 1:32:32]} exd5
{[%clk 1:34:14]} 11. e3 {[%clk 1:32:56]} Re8 {[%clk 1:34:28]} 12. Bb5
{[%clk 1:33:09]} c6 {[%clk 1:34:34]} 13. Ba4 {[%clk 1:33:33]} Qe7
{[%clk 1:22:17]} 14. Bf2 {[%clk 1:24:00]} Nbd7 {[%clk 1:22:23]} 15. Ne2
{[%clk 1:24:07]} Ba6 {[%clk 1:21:16]} 16. Qd2 {[%clk 1:17:41]} c5
{[%clk 1:07:39]} 17. Bd1 {[%clk 1:14:22]} cxd4 {[%clk 0:59:57]} 18. exd4
{[%clk 1:13:04]} Rac8 {[%clk 0:50:49]} 19. O-O {[%clk 1:11:09]} Rc6
{[%clk 0:48:37]} 20. Rc1 {[%clk 0:58:55]} Rec8 {[%clk 0:25:27]} 21. Rxc6
{[%clk 0:54:38]} Rxc6 {[%clk 0:25:56]} 22. Re1 {[%clk 0:55:00]} Re6
{[%clk 0:26:00]} 23. Nc3 {[%clk 0:52:32]} Rxe1+ {[%clk 0:21:33]} 24. Bxe1
{[%clk 0:49:24]} Qe6 {[%clk 0:21:34]} 25. Bh4 {[%clk 0:48:35]} Ne8
{[%clk 0:20:41]} 26. Qe1 {[%clk 0:41:13]} Nd6 {[%clk 0:19:41]} 27. Qxe6
{[%clk 0:25:46]} fxe6 {[%clk 0:20:09]} 28. Ba4 {[%clk 0:26:00]} Nf6
{[%clk 0:18:16]} 29. Bg3 {[%clk 0:23:04]} Nc4 {[%clk 0:18:07]} 30. Nd1
{[%clk 0:20:58]} Bb7 {[%clk 0:16:47]} 31. Bc2 {[%clk 0:15:58]} b5
{[%clk 0:14:20]} 32. Bd3 {[%clk 0:09:51]} Bc6 {[%clk 0:08:06]} 33. Be1
{[%clk 0:07:57]} Nd7 {[%clk 0:06:58]} 34. b3 {[%clk 0:07:38]} Nd6
{[%clk 0:06:54]} 35. Nc3 {[%clk 0:03:19]} a5 {[%clk 0:05:33]} 36. Bg3
{[%clk 0:03:16]} Nf5 {[%clk 0:04:22]} 37. Nxb5 {[%clk 0:03:06]} Nb6
{[%clk 0:02:35]} 38. Bc7 {[%clk 0:01:10]} Bxb5 {[%clk 0:02:14]} 39. Bxb5
{[%clk 0:01:37]} Nxd4 {[%clk 0:02:43]} 40. Bxb6 {[%clk 0:31:10]} Nxb5
{[%clk 0:33:11]} 41. a4 {[%clk 0:31:32]} Nc3 {[%clk 0:33:39]} 42. Kf2
{[%clk 0:29:04]} Na2 {[%clk 0:34:04]} 43. Bxa5 {[%clk 0:25:59]} Nc1
{[%clk 0:34:33]} 44. Bb6 {[%clk 0:23:36]} 1-0

[Event "High League 2022 men"]
[Site "Obninsk"]
[Date "2022.07.04"]
[Round "8.14"]
[White "Alekseev, Evgeny"]
[Black "Kryakvin, Dmitry"]
[Result "1/2-1/2"]
[LiveChessVersion "1.4.7"]
[BlackElo "2524"]
[WhiteElo "2601"]

1. e4 {[%clk 1:30:55]} c5 {[%clk 1:30:55]} 2. Nf3 {[%clk 1:31:14]} d6
{[%clk 1:31:21]} 3. Bb5+ {[%clk 1:30:54]} Bd7 {[%clk 1:31:15]} 4. c4
{[%clk 1:29:23]} Nf6 {[%clk 1:29:39]} 5. Nc3 {[%clk 1:28:49]} g6 {[%clk 1:29:36]}
6. d4 {[%clk 1:27:06]} cxd4 {[%clk 1:29:57]} 7. Nxd4 {[%clk 1:27:20]} Bg7
{[%clk 1:26:58]} 8. O-O {[%clk 1:22:27]} O-O {[%clk 1:24:30]} 9. h3
{[%clk 1:19:22]} a6 {[%clk 1:22:11]} 10. Bxd7 {[%clk 1:19:13]} Nbxd7
{[%clk 1:22:36]} 11. b3 {[%clk 1:19:08]} Rc8 {[%clk 1:18:54]} 12. Bb2
{[%clk 1:15:26]} e6 {[%clk 1:17:36]} 13. Qe1 {[%clk 1:08:58]} Re8
{[%clk 1:06:48]} 14. Rd1 {[%clk 1:05:45]} Qb6 {[%clk 0:58:05]} 15. Qd2
{[%clk 0:54:43]} Ne5 {[%clk 0:50:15]} 16. Ba1 {[%clk 0:50:03]} Rcd8
{[%clk 0:44:48]} 17. Nc2 {[%clk 0:45:07]} Qa7 {[%clk 0:43:06]} 18. Ne3
{[%clk 0:38:54]} Qb8 {[%clk 0:32:59]} 19. a4 {[%clk 0:36:06]} g5 {[%clk 0:25:13]}
20. Rfe1 {[%clk 0:30:53]} h6 {[%clk 0:23:41]} 21. Nf1 {[%clk 0:25:21]} Nh5
{[%clk 0:22:32]} 22. Qe3 {[%clk 0:24:58]} Nf4 {[%clk 0:22:08]} 23. Ng3
{[%clk 0:21:31]} Neg6 {[%clk 0:21:52]} 24. Nge2 {[%clk 0:16:19]} d5
{[%clk 0:16:04]} 25. cxd5 {[%clk 0:16:12]} exd5 {[%clk 0:16:20]} 26. Nxf4
{[%clk 0:16:40]} Nxf4 {[%clk 0:16:08]} 27. Qf3 {[%clk 0:15:57]} dxe4
{[%clk 0:15:48]} 28. Nxe4 {[%clk 0:14:27]} Bxa1 {[%clk 0:13:44]} 29. Rxa1
{[%clk 0:14:44]} Qe5 {[%clk 0:14:01]} 30. Rac1 {[%clk 0:02:14]} Re6
{[%clk 0:09:05]} 31. Re3 {[%clk 0:02:18]} Rde8 {[%clk 0:06:37]} 32. Rce1
{[%clk 0:01:35]} Nd5 {[%clk 0:04:02]} 33. R3e2 {[%clk 0:01:24]} Nf4
{[%clk 0:03:54]} 34. Re3 {[%clk 0:01:48]} Nd5 {[%clk 0:03:17]} 35. R3e2
{[%clk 0:02:16]} Nf4 1/2-1/2

[Event "High League 2022 men"]
[Site "Obninsk"]
[Date "2022.07.04"]
[Round "8.15"]
[White "Shchukin, Maksim"]
[Black "Shuvalova, Polina"]
[Result "1/2-1/2"]
[LiveChessVersion "1.4.7"]
[BlackElo "2498"]
[WhiteElo "2361"]

1. c4 {[%clk 1:30:37]} e5 {[%clk 1:30:44]} 2. Nc3 {[%clk 1:30:59]} Nf6
{[%clk 1:31:03]} 3. Nf3 {[%clk 1:31:23]} Nc6 {[%clk 1:31:25]} 4. g3
{[%clk 1:31:38]} Bb4 {[%clk 1:31:41]} 5. Bg2 {[%clk 1:31:54]} O-O
{[%clk 1:32:02]} 6. O-O {[%clk 1:32:18]} d6 {[%clk 1:29:24]} 7. d3
{[%clk 1:31:44]} Bxc3 {[%clk 1:24:16]} 8. bxc3 {[%clk 1:32:08]} e4
{[%clk 1:24:25]} 9. Nd4 {[%clk 1:29:57]} exd3 {[%clk 1:09:46]} 10. exd3
{[%clk 1:30:19]} Ne5 {[%clk 1:09:35]} 11. f4 {[%clk 1:12:02]} Ng6
{[%clk 1:02:52]} 12. Rb1 {[%clk 1:04:25]} Ne7 {[%clk 0:57:49]} 13. Be3
{[%clk 0:44:57]} c5 {[%clk 0:54:29]} 14. Nc2 {[%clk 0:44:06]} Rb8
{[%clk 0:53:22]} 15. d4 {[%clk 0:30:33]} Bg4 {[%clk 0:40:43]} 16. Qd2
{[%clk 0:28:52]} Qc8 {[%clk 0:41:01]} 17. dxc5 {[%clk 0:22:25]} dxc5
{[%clk 0:41:02]} 18. Qd6 {[%clk 0:21:27]} Nf5 {[%clk 0:41:02]} 19. Qxc5
{[%clk 0:20:57]} b6 {[%clk 0:41:05]} 20. Qxc8 {[%clk 0:19:06]} Rbxc8
{[%clk 0:41:10]} 21. Rfe1 {[%clk 0:18:22]} Rxc4 {[%clk 0:36:27]} 22. Rb3
{[%clk 0:11:58]} Nxe3 {[%clk 0:26:00]} 23. Nxe3 {[%clk 0:10:33]} Ra4
{[%clk 0:23:43]} 24. Nxg4 {[%clk 0:10:54]} Nxg4 {[%clk 0:24:08]} 25. Re2
{[%clk 0:11:09]} g6 {[%clk 0:20:46]} 26. Bc6 {[%clk 0:09:31]} Ra5
{[%clk 0:20:42]} 27. Rb5 {[%clk 0:09:13]} Rxb5 {[%clk 0:18:51]} 28. Bxb5
{[%clk 0:09:37]} Rd8 {[%clk 0:18:48]} 29. Kg2 {[%clk 0:04:10]} Kf8
{[%clk 0:17:14]} 30. Kf3 {[%clk 0:04:21]} Nf6 {[%clk 0:17:17]} 31. a4
{[%clk 0:03:47]} a5 {[%clk 0:12:29]} 32. c4 {[%clk 0:01:50]} Rd3+
{[%clk 0:10:41]} 33. Kg2 {[%clk 0:02:05]} Rb3 {[%clk 0:09:08]} 34. Bc6
{[%clk 0:00:48]} h5 {[%clk 0:07:47]} 35. Bb5 {[%clk 0:00:32]} Rc3
{[%clk 0:07:10]} 36. h3 {[%clk 0:00:35]} h4 {[%clk 0:06:14]} 37. gxh4
{[%clk 0:00:53]} Nh5 {[%clk 0:02:25]} 38. Rf2 {[%clk 0:00:57]} f5
{[%clk 0:02:36]} 39. Kh2 {[%clk 0:00:44]} Kf7 {[%clk 0:02:47]} 40. Bc6
{[%clk 0:30:38]} Kf6 {[%clk 0:32:19]} 41. Bd5 {[%clk 0:30:06]} Kg7
{[%clk 0:31:01]} 42. Kg2 {[%clk 0:27:46]} Rg3+ {[%clk 0:30:48]} 43. Kh2
{[%clk 0:28:09]} Rd3 {[%clk 0:31:09]} 44. Bc6 {[%clk 0:17:19]} Rb3
{[%clk 0:21:48]} 45. Kg2 {[%clk 0:16:17]} Kh7 {[%clk 0:21:08]} 46. Rf3
{[%clk 0:14:45]} Rb4 {[%clk 0:21:17]} 47. Bb5 {[%clk 0:13:10]} Rb2+
{[%clk 0:21:27]} 48. Kf1 {[%clk 0:13:20]} Rd2 {[%clk 0:20:04]} 49. c5
{[%clk 0:08:30]} bxc5 {[%clk 0:20:24]} 50. Rc3 {[%clk 0:08:57]} Nxf4
{[%clk 0:13:44]} 51. Rxc5 {[%clk 0:09:16]} Kh6 {[%clk 0:13:44]} 52. Ba6
{[%clk 0:04:53]} Nxh3 {[%clk 0:12:56]} 53. Rxa5 {[%clk 0:02:17]} Kh5
{[%clk 0:13:04]} 54. Ke1 {[%clk 0:01:26]} Rd8 {[%clk 0:11:01]} 55. Rc5
{[%clk 0:00:35]} Kxh4 {[%clk 0:11:10]} 56. Bc8 {[%clk 0:00:32]} f4
{[%clk 0:06:34]} 57. a5 {[%clk 0:00:36]} Rd3 {[%clk 0:01:52]} 58. Rc6
{[%clk 0:00:35]} Ra3 {[%clk 0:00:34]} 59. Bxh3 {[%clk 0:00:40]} Kxh3
{[%clk 0:00:52]} 60. Rxg6 {[%clk 0:01:04]} 1/2-1/2